LEADER 01025nam a2200265 i 4500 001 000000236474 003 CaOOAMICUS 005 20141202000000.0 008 141202s1966 gw u000 u ger u 013 $a215378 040 $aSeMil$bita 100 1 $aKüng, Hans,$d<1928-2021>.$0(OLS)http://semarc/name/175 245 10$aTheologie und Kirche /$cHans Küng. 250 $a3. Aufl. 260 $aZürich [etc.] :$bBenziger,$c1966. 300 $a58 p. ;$c20 cm. 490 0 $aTheologische Meditationen ;$v3 650 4$aTeologia - Saggi.$0(OLS)http://semarc/subject/231 650 4$aTeologia e Chiesa.$0(OLS)http://semarc/subject/15453 830 0$aTheologische Meditationen ;$v3.$0(OLS)http://semarc/title/11636 850 $aSeMil 852 $aSeMil$W1$xVenegono$y1$m3F III 598$j186820$B186820$CSeMilBibl$Z2$F198251 $81 961 $aLascito: Serenthà don Mario 996 $6245$aTheologie und Kirche$9(OLS)http://semarc/title/336999 996 $6260$aZürich [etc.] :$bBenziger$9(OLS)http://semarc/publisher/35374 LEADER 00908nam a2200205 i 4500 001 000000019217 003 CaOOAMICUS 005 20180830125444.0 008 180830s1993 it u000 u ita u 040 $aSeMil$bita 245 13$aLa Bibbia nell'antichità cristiana /$cEnrico Norelli (ed.) 260 $aBologna :$bEDB,$c1993. 300 $a2 v. ;. 22 cm. 650 4$aBibbia - Commentari, studi, critica, interpretazioni.$0(OLS)http://semarc/subject/783 650 4$aEsegesi biblica.$0(OLS)http://semarc/subject/1980 700 1 $aNorelli, Enrico,$d<1952- >.$0(OLS)http://semarc/name/89108 773 0 $tBibbia nella storia.$dBologna : EDB, [198.]$w()3485 774 0 $tDa Gesù a Origene.$dBologna : EDB, 1993.$kBibbia nella storia$z88-10-40258-8$g1$w()169123 996 $6245$aLa Bibbia nell'antichità cristiana$9(OLS)http://semarc/title/25262 996 $6260$aBologna :$bEDB$9(OLS)http://semarc/publisher/29669